| 000 | 00978ngm a22003610a 4500 | ||
|---|---|---|---|
| 001 | PT29293 | ||
| 003 | AR-LpoUNG | ||
| 005 | 20210201232310.0 | ||
| 007 | co ||u|||uuuuu | ||
| 008 | 191001s2008||||ag |||||||||||||||||spa d | ||
| 020 |
_a9789870233589 _c$100 |
||
| 040 |
_aAR-LpoUNG _bspa _cAR-LpoUNG _eaacr |
||
| 041 | _aspa | ||
| 044 | _aag | ||
| 082 | 0 | _a982.05 979luz | |
| 100 | 1 | _aLuzuriaga, Aníbal Jorge | |
| 245 | 1 | 0 |
_aEnrique Luzuriaga : _bsoldado, estadista, civilizador y precursor del desarrollo del Chaco Austral |
| 260 |
_aBuenos Aires : _bDunken, _c2008. |
||
| 300 | _ail., tbls. | ||
| 505 | 0 | _aAcompaña al iImpreso | |
| 650 | 4 | _aANALISIS HISTORICO | |
| 650 | 4 | _aARGENTINA | |
| 650 | 4 | _aASPECTOS ECONOMICOS | |
| 650 | 4 | _aASPECTOS POLITICOS | |
| 650 | 4 | _aBIOGRAFIAS | |
| 650 | 4 | _aEDUCACION | |
| 650 | 4 | _aHISTORIA | |
| 650 | 4 | _aHISTORIA POLITICA | |
| 650 | 4 | _aPOBLACION INDIGENA | |
| 651 | 4 | _aArgentina | |
| 905 | _a29293 | ||
| 942 | _cCDDVD | ||
| 999 |
_c53283 _d53283 |
||